• 首页
  • 本馆介绍
  • 公告通知
  • 最新文献
  • 馆藏检索
  • 电子资源
  • 读者导购
  • 参考咨询
  • 我的图书馆
  • 登录
  • 详细信息显示
  • 放入我的书架
  • 预约/预借图书
  • 作者相关作品
  • 分类相关作品
  • 丛书相关作品
  • 出版社相关作品

书目信息

  • 表格格式
  • 工作单格式
  • 卡片格式
题名:
美容医学基础
    
 
作者: 于净 编著
分册:  
出版信息: 北京   中国轻工业出版社  2007
页数: 161页
开本: 23cm
丛书名: 人物形象设计系列
单 册:
中图分类: R622
科图分类:
主题词: 美容术 , 美容术--教材
电子资源:
ISBN: 7-5019-4344-3
000 00911nam0 2200289 450
000 00918nam0 2200289 450
000 00851nam0 2200265 450
000 00815nam0 2200253 45
005 20070516174629.42
010    @a7-5019-4344-3@dCNY22.00
100    @a20070312d2007 em y0chiy0120 ea
101 0  @achi
102    @aCN@b110000
105    @aa z 000yy
200 1  @a美容医学基础@Amei rong yi xue ji ch@f于净编著
210    @a北京@c中国轻工业出版社@d2007
215    @a161页@c图@d23cm
225 2  @a人物形象设计系列
300    @a北京市高等教育精品教材立项项目
330    @a本书编为人体的基本构造与功能、美容解剖知识、皮肤美容基础、损容性皮肤问题及皮肤疾病、头发与美容、中医美容基础等六章。
410  0 @12001 @a人物形象设计系列
606 0  @a美容术
606 0  @a美容术@j教材
690    @aR622@v4
701  0 @a于净@Ayu jing@4编著
801  0 @aCN@bTAOJIN@c20070516
905    @a10447@dR622@e37
    
    美容医学基础/于净编著.-北京:中国轻工业出版社,2007
    161页:图;23cm.-(人物形象设计系列 )
    北京市高等教育精品教材立项项目
    
    ISBN 7-5019-4344-3:CNY22.00
    本书编为人体的基本构造与功能、美容解剖知识、皮肤美容基础、损容性皮肤问题及皮肤疾病、头发与美容、中医美容基础等六章。
●
相关链接 在E读中查询图书 在五车中查询图书 在当当中查询图书 在豆瓣中查询图书


正题名:美容医学基础     索取号:R622/37         预约/预借

序号 登录号 条形码 馆藏地/架位号 状态 备注
1 0520886   205208862   第二样本阅览室/ [索取号:R622/37] 在馆    
2 0520887   205208871   第三借阅区/ [索取号:R622/37] 在馆    
3 0520888   205208880   教育系资料室/ [索取号:R622/37] 在馆    
4 0520889   205208899   第三借阅区/ [索取号:R622/37] 在馆    
5 0520890   205208906   教育系资料室/ [索取号:R622/37] 在馆    
6 0520891   205208915   第三借阅区/ [索取号:R622/37] 在馆    
7 0520892   205208924   教育系资料室/ [索取号:R622/37] 在馆    
8 0520893   205208933   教育系资料室/ [索取号:R622/37] 在馆    
唐山师范学院图书馆 欢迎您!
大连网信软件有限公司© 版权所有